| 000 | 00854nam a2200265Ia 4500 | ||
|---|---|---|---|
| 003 | OSt | ||
| 005 | 20220918171755.0 | ||
| 006 | a|||||r|||| 00| 0 | ||
| 007 | ta | ||
| 008 | 220917b |||||||| |||| 00| 0 eng d | ||
| 020 |
_a9788175415881 (hbk) _c1600 |
||
| 024 | _a257,191 | ||
| 037 |
_b167, 14/10/2011, Om Book Distributors _cTextual |
||
| 040 |
_aARTS _cARTS _beng |
||
| 041 |
_2eng _aeng |
||
| 082 | _aV58.P1, Q1 | ||
| 100 |
_aChatterjee Suchandana Ed. _938705 |
||
| 245 | 0 | _aCommunities, institutions and transition in post-1991 Eurasia | |
| 260 |
_aDelhi _bShipra India _c2011 |
||
| 300 |
_axvi,494p. _ccm. |
||
| 650 | _aHISTORY | ||
| 700 |
_a Sengupta Anita Ed. _929736 |
||
| 942 |
_hV58.P1, Q1 _cTEXL _2CC |
||
| 999 |
_c141294 _d141294 |
||